| 000 | 00458nam a2200157Ia 4500 | ||
|---|---|---|---|
| 999 |
_c4115 _d4115 |
||
| 003 | OSt | ||
| 005 | 20200109143630.0 | ||
| 008 | 190216s9999||||xx |||||||||||||| ||und|| | ||
| 040 | _coclc | ||
| 082 |
_a658 _bVAS/S |
||
| 100 |
_aVasudevan K _91112 |
||
| 245 | 0 |
_aSimple Study Of Organisation And Management / _cK Vasudevan ; M Ghosh |
|
| 260 |
_bNew Heights, _c1979. _aDelhi: |
||
| 300 | _a274p | ||
| 942 |
_cBK _2ddc _h658 _iVAS/S _k658 _mVAS/S |
||